000 00298nam a2200133Ia 4500
003 Ost
005 20260225132554.0
008 260225s9999||||xx |||||||||||||| ||und||
040 _cfsic
041 _afre
082 _a440
245 0 _aLa Lisibilité de la presse télévisée /
942 _cكتاب
999 _c34348
_d34348